| 000 | 00599nam a22001937a 4500 | ||
|---|---|---|---|
| 005 | 20251217121043.0 | ||
| 010 | _aENG-147365 | ||
| 020 |
_a9789389934830 _c995.00 |
||
| 035 | _aEN-130897 | ||
| 037 | _bDBAD | ||
| 082 |
_a303.6 _21 |
||
| 245 |
_aGrowth Trajectory of Gujarat: _bPublic Policy Intervention/ _cEdited By Forum Dave |
||
| 250 | _a1 | ||
| 260 |
_aNew Delhi _bAllied Publishers Pvt Ltd. _c2025 |
||
| 270 |
_aA-104, Mayapuri, Phase-II _bNew Delhi _e110064 |
||
| 300 |
_axv, 358p. _c24cm.(hb) |
||
| 700 |
_aDave, Forum S. _eEditor _986124 |
||
| 942 |
_2ddc _cEN _h303.6 _mGRO |
||
| 999 |
_c213952 _d213952 |
||